[Event "Vaujany Principal"]
[Site "Vaujany"]
[Date "2012.07.12"]
[Round "1.26"]
[White "Petrone, gianmario"]
[Black "Deleva, Michael"]
[Result "0-1"]
[WhiteElo "1930"]
[BlackElo "2255"]
[Annotator "Jean-pierre,LEES"]
[PlyCount "84"]
[EventDate "2012.07.07"]
[SourceDate "2012.07.12"]
[TimeControl "240+2"]

{1024MB, Fritz8.ctg
} 1. e4 d6 2. d4 Nf6 3. Nc3 e5 4. dxe5 dxe5 5. Qxd8+ Kxd8
6. Bg5 Be6 7. Nf3 (7. O-O-O+ Nbd7 8. f4 exf4 9. Nf3 h6 10. Bxf4) 7... Nbd7 8.
O-O-O Kc8 9. a3 c6 10. Bh4 Bc5 11. h3 h6 12. Bg3 Nh5 13. Bh2 Bxf2 14. Nxe5 Nxe5
15. Bxe5 Ng3 16. Bxg3 Bxg3 17. Ne2 Bf2 18. g4 Rd8 19. Rxd8+ Kxd8 20. Kd2 Ke7
21. Nf4 Bd7 22. Bc4 Be8 23. Ke2 Bd4 24. c3 Be5 25. Nd3 Bc7 26. Rf1 Rd8 27. Nf4
Rd7 28. Nh5 Be5 29. Rf5 Kd6 30. Rf3 Re7 31. Rd3+ Kc5 32. Ba2 g6 33. b4+ Kb5 34.
c4+ Kb6 35. Ng3 c5 36. bxc5+ Kxc5 37. Rd5+ Kb6 38. Nf1 Bc6 39. c5+ Kc7 40. Rd1
Bxe4 41. Ne3 Bf4 42. Rd2 Bc6 0-1

[Event "Vaujany Principal"]
[Site "Vaujany"]
[Date "2012.07.12"]
[Round "1.27"]
[White "Roeberg, Frank"]
[Black "Devoille, Hugo"]
[Result "1-0"]
[WhiteElo "2253"]
[BlackElo "1927"]
[Annotator "Jean-pierre,LEES"]
[PlyCount "49"]
[SourceDate "2012.07.12"]
[TimeControl "240+2"]

{1024MB, Fritz8.ctg
} 1. e4 c5 2. Nf3 e6 3. d4 cxd4 4. Nxd4 Nc6 5. Nc3 Qc7 6.
g3 a6 7. Bg2 Nf6 8. O-O Be7 9. Re1 d6 10. Nxc6 bxc6 11. e5 dxe5 12. Rxe5 Nd5 (
12... O-O 13. Bf4 Qb7) (12... Qxe5 13. Bxc6+ Bd7 14. Bxa8 O-O 15. Bg2) 13. Nxd5
cxd5 14. Bf4 Qb6 15. c4 Bc5 16. Re2 O-O 17. cxd5 Rd8 18. Qc2 exd5 19. Bxd5
Bxf2+ 20. Kh1 Ra7 $2 (20... Bb7 $142) 21. Rxf2 Rxd5 22. Qxc8+ Rd8 23. Rc1 Rad7
24. Qc6 Qb4 25. Bc7 1-0

[Event "Vaujany Principal"]
[Site "Vaujany"]
[Date "2012.07.12"]
[Round "1.28"]
[White "Hodot, Yves"]
[Black "Valles, Manuel"]
[Result "1-0"]
[WhiteElo "1918"]
[BlackElo "2248"]
[Annotator "Jean-pierre,LEES"]
[PlyCount "125"]
[SourceDate "2012.07.12"]
[TimeControl "240+2"]

{1024MB, Fritz8.ctg
} 1. e4 c5 2. b4 b6 3. bxc5 bxc5 4. Bc4 Nc6 5. c3 g6 6. Nf3
Bg7 7. O-O Nf6 8. e5 Ng8 9. d4 cxd4 10. cxd4 Nh6 11. Bg5 Qa5 12. Nbd2 Nf5 13.
Re1 Nfxd4 14. Nxd4 Nxd4 15. Nb3 Nxb3 16. axb3 Qc5 17. Bxf7+ (17. Qf3 $142)
17... Kd8 18. Qd6 Qxd6 19. exd6 Bb7 20. Rxe7 (20. dxe7+ Kc8 21. Rac1+ Bc6 22.
e8=Q+ Rxe8 23. Bxe8) 20... Kc8 21. Rc1+ Bc6 22. Rxc6+ dxc6 23. Be6+ Kb8 24. Bf4
(24. Rxg7) 24... g5 25. Bg3 Bf6 26. d7+ Kb7 27. d8=N+ Kb6 28. Rb7+ Kc5 29. b4+
Kd4 30. Nxc6+ Kc3 31. Rc7 Rhe8 32. Ne5+ (32. f3 Rxe6 33. Nd8+ Kxb4 34. Nxe6)
32... Kxb4 33. Nd3+ Ka5 34. Rc5+ Ka4 35. Rc4+ Ka3 36. Nc5 Kb2 37. Rb4+ Kc3 38.
Rb3+ Kd4 39. Bd6 Rxe6 40. Nxe6+ Kc4 41. Rb1 a5 42. Rc1+ Kd3 43. Ba3 Ke2 44. f4
g4 45. f5 Rb8 46. Nf4+ Kd2 47. Rf1 Bd4+ 48. Kh1 a4 49. Bc1+ Kc2 50. Ne6 Bf6 51.
Ba3 Rb3 52. Bc5 Rd3 53. Nf8 a3 54. Bxa3 Rxa3 55. Nxh7 Ra6 56. Nxf6 Rxf6 57. h3
g3 58. Rf3 Kd2 59. Rxg3 Rxf5 60. Ra3 Ke2 61. Kh2 Kf2 62. h4 Rf4 63. Rf3+ 1-0

[Event "Vaujany Principal"]
[Site "Vaujany"]
[Date "2012.07.12"]
[Round "1.29"]
[White "Skinke, Katrina"]
[Black "Drillat, Michel"]
[Result "1-0"]
[WhiteElo "2238"]
[BlackElo "1910"]
[Annotator "Jean-pierre,LEES"]
[PlyCount "57"]
[SourceDate "2012.07.12"]
[TimeControl "240+2"]

{1024MB, Fritz8.ctg
} 1. e4 d5 2. exd5 Nf6 3. d4 Nxd5 4. c4 Nb6 5. Nc3 e5 6. d5
c6 7. Qh5 Bd6 (7... N8d7) 8. Be3 (8. Bd3) 8... Qe7 9. Nf3 O-O 10. Ng5 h6 11.
Nge4 Bb4 12. a3 Bxc3+ 13. Nxc3 f5 14. O-O-O f4 15. Bxb6 axb6 16. Bd3 Qg5 17.
Qxg5 hxg5 18. Rhe1 Nd7 19. dxc6 bxc6 20. Be4 Nb8 21. Nd5 $1 Ra6 22. Ne7+ Kf7
23. Nxc6 Nxc6 24. Bxc6 Be6 25. Bb5 Ra7 26. Rxe5 Rc8 27. Re4 Rac7 28. b3 Rc5 29.
Kb2 1-0

[Event "Vaujany Principal"]
[Site "Vaujany"]
[Date "2012.07.12"]
[Round "1.30"]
[White "Abdeselem, Ahmed"]
[Black "Van Foreest, Jorden"]
[Result "0-1"]
[WhiteElo "1815"]
[BlackElo "2208"]
[Annotator "Jean-pierre,LEES"]
[PlyCount "82"]
[SourceDate "2012.07.12"]
[TimeControl "240+2"]

{1024MB, Fritz8.ctg
} 1. e4 e5 2. Nf3 Nc6 3. Bb5 Nf6 4. d3 (4. O-O) (4. Nc3 Bb4
(4... Nd4)) 4... Bc5 5. c3 (5. O-O) 5... Qe7 6. Nbd2 (6. O-O $142) 6... Ng4 (
6... Bxf2+ 7. Kxf2 Qc5+) 7. O-O Nxf2 8. Qe2 (8. Rxf2 Bxf2+ 9. Kxf2 Qc5+ 10. d4
Qxb5 $19) 8... Nxd3+ 9. Kh1 Nxc1 10. Raxc1 d6 11. b4 Bb6 12. Nc4 Be6 13. a4 a6
14. Nxb6 cxb6 15. Bd3 O-O 16. Qe3 Qc7 17. Rb1 h6 18. Nh4 Nb8 19. Rbc1 Nd7 20.
Nf5 Kh7 21. h4 Rac8 22. Rf3 a5 23. Ne7 Rce8 24. Nd5 Bxd5 25. exd5+ Kh8 26. Qe4
g6 27. g4 Kg8 28. Rcf1 f5 29. gxf5 Nf6 30. Qc4 Qxc4 31. Bxc4 gxf5 32. Rxf5 Rc8
33. Rg1+ (33. Rxf6 $142 Rxf6 34. Rxf6 Rxc4 35. Rxd6 axb4 36. cxb4 Rxh4+ 37. Kg2
Rxb4 38. Rxh6 $11) 33... Kf7 34. Rgf1 Ke7 35. Bb5 Nxd5 36. Rxf8 Rxf8 37. Rxf8
Kxf8 38. c4 Nxb4 39. Kg2 Ke7 40. Kf3 Nc2 41. Ke4 Nd4 0-1

[Event "Vaujany Principal"]
[Site "Vaujany"]
[Date "2012.07.12"]
[Round "1.31"]
[White "Kormos, Adam"]
[Black "De Lagontrie, Jean"]
[Result "1-0"]
[WhiteElo "2193"]
[BlackElo "1868"]
[Annotator "Jean-pierre,LEES"]
[PlyCount "73"]
[SourceDate "2012.07.12"]
[TimeControl "240+2"]

{1024MB, Fritz8.ctg
} 1. e4 c5 2. Nf3 Nc6 3. d4 cxd4 4. Nxd4 Nf6 5. Nc3 e5 6.
Nf5 $5 (6. Ndb5 d6 7. Bg5 a6 8. Na3 b5 {est la variante principale}) 6... d5 7.
exd5 Bxf5 8. dxc6 bxc6 9. Qf3 Qd7 10. Bg5 e4 11. Qd1 (11. Qe2 Be7 12. Rd1 Qe6
13. Qc4 Rb8 14. Qxe6 Bxe6 15. b3 Bb4 16. Bd2 O-O 17. Be2 Rfd8 $15) 11... Qe6
12. Qd4 Rd8 13. Qa4 Be7 14. Bc4 Qc8 15. Qxa7 Rd7 16. Qa5 O-O 17. Ba6 Ra7 18.
Bxc8 Rxa5 19. Bxf5 Rxf5 20. Be3 Bb4 21. Bd2 Re8 (21... Rd8) 22. O-O Bxc3 (22...
Nd5 23. Nxd5 Bxd2 24. Ne3 Rc5 25. c3 Rb8) 23. Bxc3 Nd5 24. Bd4 Nb4 25. Bc3 (25.
Rfc1) 25... Nd5 26. Bd2 Rfe5 27. Rfe1 f5 28. c4 e3 (28... Nb6) 29. fxe3 Nxe3
30. Bxe3 Rxe3 31. Kf2 f4 32. Rxe3 fxe3+ 33. Ke2 Kf7 34. Rf1+ Kg6 35. Rf3 Re4
36. b3 h5 37. Rxe3 1-0

[Event "Vaujany Principal"]
[Site "Vaujany"]
[Date "2012.07.12"]
[Round "1.32"]
[White "Trin, Pierre"]
[Black "Moal, Alain"]
[Result "0-1"]
[WhiteElo "1858"]
[BlackElo "2175"]
[Annotator "Jean-pierre,LEES"]
[PlyCount "49"]
[SourceDate "2012.07.12"]
[TimeControl "240+2"]

{1024MB, Fritz8.ctg
} 1. e4 c5 2. Nf3 Nc6 3. Bb5 e6 4. Bxc6 bxc6 5. O-O Ne7 6.
b3 Ng6 7. Bb2 f6 8. e5 Be7 9. Na3 O-O (9... fxe5 10. Nxe5 Nxe5 11. Bxe5 O-O 12.
f4) 10. Nc4 fxe5 (10... Qc7) 11. Ncxe5 Bf6 (11... Nxe5 12. Bxe5 $17) 12. d4 d6
13. Ng4 (13. Nxg6 hxg6 14. c3 cxd4 15. cxd4 c5) 13... Bxd4 14. Bxd4 cxd4 15.
Qxd4 $2 (15. Nxd4) 15... e5 (15... Rf4 $19) 16. Qc4+ d5 17. Qe2 e4 (17... Bxg4)
18. Rfd1 Rf4 19. Ne3 Qf6 (19... exf3) 20. g3 Rxf3 21. Ng2 Bg4 22. Qd2 Rf8 23.
Rf1 d4 24. Rad1 e3 25. Qe1 0-1

[Event "Vaujany Principal"]
[Site "Vaujany"]
[Date "2012.07.12"]
[Round "1.33"]
[White "Delorme, Laurie"]
[Black "Dubois, Hervé"]
[Result "1-0"]
[WhiteElo "2171"]
[BlackElo "1854"]
[Annotator "Jean-pierre,LEES"]
[PlyCount "37"]
[SourceDate "2012.07.12"]
[TimeControl "240+2"]

{1024MB, Fritz8.ctg
} 1. d4 Nf6 2. c4 e6 3. Nf3 b6 4. g3 Ba6 5. b3 d5 6. Bg2
Nbd7 7. O-O g6 8. Nc3 Bg7 9. Ba3 c5 10. Ne5 Qc7 11. Nxd7 Qxd7 12. dxc5 bxc5 13.
cxd5 exd5 14. Bxc5 Rc8 15. b4 Bc4 16. Re1 Rd8 17. e4 dxe4 18. Nxe4 Be6 19. Nd6+
1-0

[Event "Vaujany Principal"]
[Site "Vaujany"]
[Date "2012.07.12"]
[Round "1.34"]
[White "Coppola, Federico"]
[Black "Viennot, Dylan"]
[Result "0-1"]
[WhiteElo "1844"]
[BlackElo "2149"]
[Annotator "Jean-pierre,LEES"]
[PlyCount "70"]
[SourceDate "2012.07.12"]
[TimeControl "240+2"]

{1024MB, Fritz8.ctg
} 1. e4 e6 2. d4 d5 3. Nc3 Nf6 4. Bg5 Be7 5. e5 Nfd7 6. h4
c5 7. Bxe7 Qxe7 8. Nb5 O-O 9. Nc7 Nc6 10. Nxa8 cxd4 11. Qd2 f6 12. Nc7 fxe5 13.
Nb5 a6 14. Na3 Nf6 15. Nh3 Ne4 16. Qc1 Qxh4 17. Be2 Nxf2 18. O-O Nxh3+ 19. gxh3
Qg3+ 20. Kh1 Qxh3+ 21. Kg1 Qg3+ 22. Kh1 Rf4 23. Rxf4 exf4 24. Qg1 Qh3+ 25. Qh2
Qxh2+ 26. Kxh2 e5 27. c3 e4 28. cxd4 Nxd4 29. Bf1 g5 30. Rd1 Nf3+ 31. Kg2 Be6
32. Nc2 Kf7 33. Kf2 g4 34. Be2 g3+ 35. Kf1 Bh3# 0-1

[Event "Vaujany Principal"]
[Site "Vaujany"]
[Date "2012.??.??"]
[Round "2.1"]
[White "Istratescu, Andrei"]
[Black "Kurayan, Ruslan"]
[Result "1-0"]
[WhiteElo "2641"]
[BlackElo "2318"]
[PlyCount "61"]
[EventDate "2012.07.07"]
[SourceDate "2012.07.12"]

1. e4 c5 2. c3 Nf6 3. e5 Nd5 4. d4 cxd4 5. Nf3 Nc6 6. cxd4 d6 7. Bc4 e6 8. O-O
Be7 9. Qe2 O-O 10. Nc3 Nxc3 11. bxc3 dxe5 12. dxe5 Qc7 13. Bd3 b6 14. Re1 Bb7
15. Ng5 Bxg5 16. Bxg5 Ne7 17. Qh5 Ng6 18. Re3 Qxc3 19. Rd1 Qc6 20. Bf1 h6 {
Diagramme #} 21. Bxh6 gxh6 22. Qxh6 Rfd8 23. Rde1 Rd4 24. Rg3 Rad8 25. h4 Rd1
26. h5 Rxe1 27. hxg6 Rxf1+ 28. Kh2 Rxf2 29. gxf7+ Kxf7 30. Rg7+ Ke8 31. Qh5+
1-0

[Event "Vaujany Principal"]
[Site "Vaujany"]
[Date "2012.07.13"]
[Round "2.2"]
[White "Di Nicolantonio, Lucas"]
[Black "Epishin, Vladimir"]
[Result "0-1"]
[WhiteElo "2321"]
[BlackElo "2567"]
[PlyCount "96"]
[EventDate "2012.07.07"]
[SourceDate "2012.07.12"]

1. e4 c6 2. c4 e5 3. Nf3 d6 4. d4 Nd7 5. Nc3 Ngf6 6. Be2 Be7 7. O-O O-O 8. h3
Re8 9. Be3 exd4 10. Bxd4 Bf8 11. Qc2 b6 12. Rad1 Qc7 13. Rfe1 Bb7 14. Bf1 Rad8
15. a3 g6 16. b4 Bg7 17. c5 dxc5 18. bxc5 Nxc5 19. e5 Nfd7 20. Bc4 Ne6 21. Bxe6
fxe6 22. Nb5 Qb8 23. Nd6 c5 24. Nxe8 Rxe8 25. Bc3 Bd5 26. Qa4 b5 27. Qg4 Qb7
28. Ng5 Nb6 29. h4 h5 30. Qg3 Rf8 31. f3 Nc4 32. Ne4 Bxe4 33. Rxe4 Qf7 34. a4
a6 35. Qf2 Rc8 36. Rb1 Qd7 37. Qe2 Rd8 38. axb5 axb5 39. Rxc4 bxc4 40. Qxc4 Qd5
41. Qe2 Kh7 42. Rc1 c4 43. Bb2 Rb8 44. Bc3 Rb3 45. Be1 Rd3 46. Qc2 c3 47. Bg3
Qc5+ 48. Kh2 Bxe5 0-1

[Event "Vaujany Principal"]
[Site "Vaujany"]
[Date "2012.07.13"]
[Round "2.3"]
[White "Gozzoli, Yannick"]
[Black "Meng, Roger"]
[Result "1-0"]
[WhiteElo "2547"]
[BlackElo "2272"]
[PlyCount "111"]
[EventDate "2012.07.07"]
[SourceDate "2012.07.12"]

1. c4 Nf6 2. g3 e5 3. Nc3 Bb4 4. Bg2 Bxc3 5. bxc3 d6 6. Nf3 Nc6 7. d3 O-O 8.
O-O a6 9. Ne1 Re8 10. Nc2 Bd7 11. a4 h6 12. e4 Na5 13. Ne3 Rb8 14. f4 c6 15.
Ba3 Be6 16. f5 Bc8 17. Rb1 b5 18. Kh1 Bb7 19. c5 dxc5 20. Bxc5 Ba8 21. Ng4 Nb7
22. Be3 Nd6 23. Nxf6+ Qxf6 24. h4 Red8 25. Qh5 Ne8 26. Rfd1 Qe7 27. axb5 cxb5
28. Qe2 Rbc8 29. Bd2 Bb7 30. Be1 Rc7 31. g4 Rcd7 32. Qe3 Nf6 33. Bf3 Nh7 34.
Be2 Bc6 35. Ra1 Bb7 36. Kh2 Rc8 37. Bf3 Rdc7 38. Kh3 Re8 39. Ra2 Qf6 40. Rf2
Qe7 41. Bd2 f6 42. Be1 Bc6 43. Ra2 Bb7 44. Rda1 Kh8 45. Bd1 Rd8 46. Bb3 Rcd7
47. Rd1 Nf8 48. g5 fxg5 49. hxg5 Nh7 50. g6 Ng5+ 51. Kg4 {Diagramme #} Nxe4 52.
dxe4 Rxd1 53. Rh2 Qf8 54. Bg3 Rg1 55. Qxg1 Bxe4 56. Rxh6+ 1-0

[Event "Vaujany Principal"]
[Site "Vaujany"]
[Date "2012.??.??"]
[Round "2.4"]
[White "Csonka, Balazs"]
[Black "Horvath, Jozsef"]
[Result "0-1"]
[WhiteElo "2306"]
[BlackElo "2531"]
[PlyCount "86"]
[EventDate "2012.07.07"]
[SourceDate "2012.07.12"]

1. d4 e6 2. c4 Bb4+ 3. Bd2 a5 4. g3 Nf6 5. Bg2 d6 6. Nf3 Nbd7 7. O-O e5 8. Bc3
Qe7 9. Qd2 O-O 10. e3 e4 11. Ne1 d5 12. Bxb4 axb4 13. Nc2 dxc4 14. Qxb4 Qe6 15.
Nd2 b5 16. Qxb5 Ba6 17. Qg5 c3 18. bxc3 h6 19. Qh4 Bxf1 20. Bxf1 Rxa2 21. Bc4
Rxa1+ 22. Nxa1 Qf5 23. Qf4 Qxf4 24. gxf4 Ra8 25. Nc2 Nb6 26. Bb3 Na4 {
Diagramme #} 27. Nxe4 Nxe4 28. Bd5 Rb8 (28... Re8 29. Bc6) 29. Bxe4 Nxc3 30.
Bf3 Rb2 31. Na3 Ra2 32. Nc4 f6 33. d5 Ra6 34. Kg2 Kf8 35. h3 Ke7 36. e4 Ra4 37.
Nd2 Rb4 38. Kg3 Kd6 39. Kg4 g6 40. h4 Rd4 41. Nb3 h5+ 42. Kg3 Nxe4+ 43. Kg2 Rb4
0-1

[Event "Vaujany Principal"]
[Site "Vaujany"]
[Date "2012.07.13"]
[Round "2.5"]
[White "Serafimov, Tervel"]
[Black "Roeberg, Frank"]
[Result "1-0"]
[WhiteElo "2425"]
[BlackElo "2253"]
[Annotator "Jean-pierre,LEES"]
[PlyCount "261"]
[SourceDate "2012.07.12"]
[TimeControl "240+2"]

{1024MB, Fritz8.ctg
} 1. c4 Nf6 2. g3 e6 3. Bg2 d5 4. Nf3 dxc4 5. Na3 Bxa3 6.
bxa3 b5 7. a4 a6 8. axb5 axb5 9. a4 O-O 10. Bb2 Rxa4 11. Rxa4 bxa4 12. Qxa4 Ba6
13. Ne5 Qe8 14. Qa1 Qb5 15. O-O Nd5 16. Nf3 f6 17. Nd4 Qd7 18. Qa5 Nb6 19. Bh3
Re8 20. Ra1 Bb7 21. Qh5 Bd5 22. Ra7 Qf7 23. Qxf7+ Kxf7 24. e4 Bxe4 25. Rxc7+
Re7 26. Bxe6+ Ke8 27. Rxe7+ Kxe7 28. Ba3+ Ke8 29. Nf5 Bxf5 30. Bxf5 Kf7 31. h4
g6 32. Bb1 N8d7 33. Kf1 Ke6 34. Ke2 Ne5 35. Bb2 Nc6 36. Be4 Ne5 37. Bd4 Nbd7
38. Bb7 Kd6 39. Bb2 g5 40. hxg5 fxg5 41. Ba3+ Kc7 42. Bd5 Nf6 43. Be6 g4 44.
Be7 Nfd7 45. Ke3 Kc6 46. Kd4 Nf3+ 47. Kxc4 Nxd2+ 48. Kd3 Nf3 49. Ke4 Nde5 50.
Bd5+ Kd7 51. Bc5 h5 52. Kf5 Nd3 53. Be3 Nde5 54. Be4 Nc4 55. Bf4 Ng1 56. Bd3
Nb2 57. Bb5+ Ke7 58. Be3 Nd1 59. Bc5+ Kf7 60. Ba4 Nc3 61. Bb3+ Ke8 62. Bb4 Nce2
63. Kg6 Nh3 64. Be1 Nef4+ $6 65. gxf4 Nxf4+ 66. Kg5 Nd3 67. Bd2 Nxf2 68. Bd5
Kd7 69. Kxh5 Kd6 70. Bg2 Ke5 71. Kh4 Ne4 72. Be3 Kf5 73. Bf1 g3 74. Kh3 Ke5 75.
Ba6 Kf5 76. Bd3 Ke5 77. Kg2 Nd6 78. Ba7 Nf5 79. Bb8+ Kf6 80. Kf3 Kg5 81. Bf4+
Kf6 82. Kg4 g2 83. Bh2 Ne3+ 84. Kf3 Nf1 85. Bg1 Ke5 86. Kxg2 Nd2 87. Be3 Nb3
88. Kg3 Nd4 89. Kg4 Nb3 90. Bh7 Na5 91. Bg8 Nc6 92. Bf4+ Ke4 93. Bh7+ Kd5 94.
Kf5 Nd4+ 95. Kf6 Ne2 96. Be5 Nd4 97. Bb1 Nf3 98. Bb2 Nd4 99. Kg5 Ke5 100. Kg4
Kd5 101. Kf4 Ne6+ 102. Ke3 Nc5 103. Ba2+ Kd6 104. Ba3 Kc6 105. Kd4 Nd7 106. Be6
Nb6 107. Bf7 Nd7 108. Be8 Kc7 109. Be7 Nb6 110. Kc5 Nd7+ 111. Kd5 Nb6+ 112. Ke6
Nc4 113. Bb5 Nb6 114. Bb4 Nc8 115. Ba5+ Kb7 116. Kd5 Na7 117. Bd7 Ka6 118. Bd8
Kb7 119. Kc5 Ka6 120. Bg4 Kb7 121. Bb6 Nc8 122. Bf3+ Ka6 123. Bd8 Na7 124. Kd6
Nb5+ 125. Kc5 Na7 126. Bg2 Nc8 127. Kc6 Na7+ 128. Kc7 Nb5+ 129. Kc8 Nd4 130.
Bf1+ Nb5 $2 (130... Ka7) 131. Kd7 1-0

[Event "Vaujany Principal"]
[Site "Vaujany"]
[Date "2012.??.??"]
[Round "2.6"]
[White "Deleva, Michael"]
[Black "Torma, Robert"]
[Result "0-1"]
[WhiteElo "2255"]
[BlackElo "2424"]
[PlyCount "58"]
[EventDate "2012.07.07"]
[SourceDate "2012.07.12"]

1. d4 f5 2. Bg5 g6 3. Nc3 Bg7 4. h4 h6 5. Bf4 Nf6 6. Qd3 d6 7. O-O-O O-O 8. f3
Qe8 9. Qd2 Kh7 10. e4 e5 11. dxe5 dxe5 12. Be3 f4 13. Bc5 Rf7 14. Bb5 c6 15.
Bc4 Rd7 16. Qe2 Nh5 17. Bf2 b5 18. Bb3 a5 19. a4 b4 20. Nb1 c5 21. Bd5 Ba6 22.
Qe1 Bb7 23. Ne2 Bxd5 24. exd5 {Diagramme #} e4 25. Bxc5 Na6 26. Bd4 exf3 27.
gxf3 Re7 28. Rh2 Ng3 29. Bxg7 Rxe2 0-1

[Event "Vaujany Principal"]
[Site "Vaujany"]
[Date "2012.07.13"]
[Round "2.9"]
[White "Kukov, Velislav"]
[Black "Kormos, Adam"]
[Result "1/2-1/2"]
[WhiteElo "2404"]
[BlackElo "2193"]
[Annotator "Jean-pierre,LEES"]
[PlyCount "90"]
[SourceDate "2012.07.12"]
[TimeControl "240+2"]

{1024MB, Fritz8.ctg
} 1. d4 Nf6 2. Nf3 g6 3. c4 Bg7 4. Nc3 d5 5. e3 O-O 6. cxd5
Nxd5 7. Bc4 Nb6 8. Bb3 N8d7 9. O-O c5 10. d5 c4 11. Bc2 Nc5 12. e4 Bg4 13. h3
Bxf3 14. Qxf3 Nbd7 15. Qe2 Ne5 16. Be3 Qa5 17. Rab1 Rfc8 18. Kh1 b5 19. Bxc5
Rxc5 20. f4 Nd7 21. e5 Nb6 22. d6 exd6 23. Ne4 Rd5 24. Nxd6 Qd2 25. Qe4 Rd4 26.
Rbd1 Qxd1 27. Rxd1 Rxe4 28. Bxe4 Rd8 29. Rc1 f6 30. Nxb5 fxe5 31. fxe5 Bxe5 32.
Nc3 Rd2 33. b3 cxb3 34. axb3 Rb2 35. Nd5 Rxb3 36. Nxb6 Rxb6 37. Kg1 a5 38. Kf2
a4 39. Rc8+ Kg7 40. Ra8 Rb2+ 41. Kf3 Rb3+ 42. Ke2 a3 43. Bd5 Rb5 44. Ra7+ Kf6
45. Bg8 Rb2+ 1/2-1/2

[Event "Vaujany Principal"]
[Site "Vaujany"]
[Date "2012.07.13"]
[Round "2.10"]
[White "Moal, Alain"]
[Black "Philippe, Christophe"]
[Result "1/2-1/2"]
[WhiteElo "2175"]
[BlackElo "2403"]
[Annotator "Jean-pierre,LEES"]
[PlyCount "105"]
[SourceDate "2012.07.12"]
[TimeControl "240+2"]

{1024MB, Fritz8.ctg
} 1. d4 d5 2. Nf3 Nc6 3. g3 Bf5 4. Bg2 Nb4 5. Na3 e6 6. c3
Na6 (6... Nc6 7. Qb3 Rb8 8. Nh4 Bg4 9. e4 dxe4 10. Bxe4 Nf6 11. Bg5 Be7 12.
Bxf6 Bxf6) 7. Qb3 Qc8 8. O-O Be7 9. Bf4 c6 10. Rac1 Nf6 11. c4 O-O 12. Ne5 Rd8
13. Rfd1 h6 14. h3 g5 15. Be3 Nb4 16. Nb1 Be4 17. Nc3 Bxg2 18. Kxg2 Nd7 19. Nf3
dxc4 20. Qxc4 Nb6 21. Qb3 a5 22. a4 f6 23. Ne4 N6d5 24. Bd2 Qd7 25. Bc3 Qe8 26.
Ned2 f5 27. Ne5 Qh5 28. e4 fxe4 29. Nxe4 Rf8 30. Rd2 Rf5 31. Qd1 Qxd1 32. Rdxd1
Rd8 33. Nc4 Rdf8 34. Nxa5 Nxc3 35. bxc3 Rxa5 36. cxb4 Rxa4 37. b5 cxb5 38. Rc7
Bf6 39. Nxf6+ Rxf6 40. Rd2 Rf7 41. Rc5 Rb4 42. d5 exd5 43. Rcxd5 Rb3 44. R5d4
Kg7 45. h4 Rbf3 46. hxg5 hxg5 47. Rd5 R3f5 48. g4 Rxd5 49. Rxd5 Kf6 50. Rxb5
Rg7 51. Kg3 Ke6 52. f4 gxf4+ 53. Kxf4 1/2-1/2

[Event "Vaujany Principal"]
[Site "Vaujany"]
[Date "2012.07.13"]
[Round "2.11"]
[White "Foisor, Cristina"]
[Black "Delorme, Laurie"]
[Result "1-0"]
[WhiteElo "2401"]
[BlackElo "2171"]
[PlyCount "47"]
[EventDate "2012.07.07"]
[SourceDate "2012.07.12"]

1. c4 e5 2. Nc3 Nf6 3. Nf3 Nc6 4. e3 d5 5. cxd5 Nxd5 6. Bb5 Nxc3 7. bxc3 e4 8.
Nd4 Qg5 9. Qa4 Qxg2 10. Rf1 Bd6 11. Nxc6 O-O 12. Nd4 c5 13. Ba3 a6 14. Be2 b5
15. Qb3 b4 16. Bxb4 cxb4 17. Qd5 Qxh2 18. Qxa8 Bh3 19. Qxe4 Bxf1 20. Bxf1 bxc3
21. dxc3 Kh8 22. Rb1 f5 23. Qe6 Be5 24. Rb3 1-0

[Event "Vaujany Principal"]
[Site "Vaujany"]
[Date "2012.07.13"]
[Round "2.13"]
[White "Roos, Daniel"]
[Black "Houard, Sebastien"]
[Result "1/2-1/2"]
[WhiteElo "2383"]
[BlackElo "2089"]
[PlyCount "137"]
[EventDate "2012.07.07"]
[SourceDate "2012.07.12"]

1. Nf3 d5 2. c4 c6 3. g3 Nf6 4. Bg2 Bg4 5. Ne5 Be6 6. cxd5 Bxd5 7. Nf3 Nbd7 8.
Nc3 e6 9. O-O Qc7 10. Qa4 Bd6 11. Nxd5 exd5 12. d3 O-O 13. Bd2 Rfe8 14. e3 Ne5
15. Nxe5 Bxe5 16. Rab1 Nd7 17. Qc2 a6 18. b4 g6 19. a4 Qd6 20. Kh1 Bg7 21. Rbd1
Qf6 22. e4 d4 23. f4 Rac8 24. Rc1 Qd8 25. Bh3 Ra8 26. Qa2 Qe7 27. Rf2 Kh8 28.
Rcf1 f6 29. Rc1 Red8 30. Be1 Nb6 31. Rfc2 Qd6 32. a5 Nc8 33. Rc4 Na7 34. Bg4
Nb5 35. Bf3 Re8 36. h4 Rad8 37. Bf2 Re7 38. Kg2 Bh6 39. Rc5 Rg7 40. Re1 Re7 41.
Qb2 Bg7 42. Bd1 Qd7 43. h5 Bf8 44. Rc4 g5 45. Ba4 gxf4 46. Bxb5 Qg4 47. Qe2
Qxe2 48. Rxe2 axb5 49. Rxd4 Red7 50. Rxd7 Rxd7 51. gxf4 Rxd3 52. a6 bxa6 53.
Rc2 Bxb4 54. Rxc6 Rd6 55. Rc7 Ba5 56. Rb7 Kg8 57. Kf3 Rc6 58. Bd4 Bc3 59. Bxc3
Rxc3+ 60. Kg4 Rc5 61. h6 Rc8 62. Kf5 a5 63. Rxb5 Ra8 64. Kxf6 a4 65. Rb2 a3 66.
Ra2 Ra6+ 67. Ke7 Ra7+ 68. Kf6 Ra6+ 69. Ke7 1/2-1/2

[Event "Vaujany Principal"]
[Site "Vaujany"]
[Date "2012.07.13"]
[Round "2.14"]
[White "Neuhauser, Salome"]
[Black "Foisor, Ovidiu"]
[Result "0-1"]
[WhiteElo "2067"]
[BlackElo "2401"]
[PlyCount "68"]
[EventDate "2012.07.07"]
[SourceDate "2012.07.12"]

1. e4 e6 2. d3 c5 3. g3 Nc6 4. Bg2 d5 5. Nd2 g6 6. Nh3 Bg7 7. O-O Nge7 8. f4 e5
9. f5 f6 10. g4 O-O 11. c3 d4 12. c4 a6 13. Kh1 Rb8 14. a4 Bd7 15. b3 Nb4 16.
Rf3 b5 17. axb5 axb5 18. Ba3 Ra8 19. Bxb4 cxb4 20. Rf1 Bh6 21. Nf3 bxc4 22.
bxc4 Rxa1 23. Qxa1 Qa8 24. g5 Bg7 25. Qb2 Qa3 26. Qxa3 bxa3 27. Ra1 Ra8 28.
gxf6 Bxf6 29. Ne1 Nc6 30. Nc2 Be7 31. Ng1 Nb4 $1 32. Ne1 (32. Rxa3 Rxa3 33.
Nxa3 Nxd3) 32... a2 33. Ne2 Ra3 34. Nc1 Bg5 0-1

[Event "Vaujany Principal"]
[Site "Vaujany"]
[Date "2012.07.13"]
[Round "2.15"]
[White "Juhasz, Kristof"]
[Black "Hodot, Yves"]
[Result "1-0"]
[WhiteElo "2365"]
[BlackElo "1915"]
[PlyCount "65"]
[EventDate "2012.07.07"]
[SourceDate "2012.07.12"]

1. d4 f5 2. Nf3 Nf6 3. g3 g6 4. Bg2 Bg7 5. O-O O-O 6. b3 a5 7. c4 d6 8. Bb2 Bd7
9. Qc2 Na6 10. a3 c6 11. Nbd2 Ng4 12. e4 Rc8 13. h3 Nh6 14. e5 d5 15. Ne1 e6
16. Nd3 g5 17. f4 gxf4 18. Nxf4 c5 19. cxd5 cxd4 20. Qd3 Bxe5 21. Nc4 Bg7 22.
Rae1 Rxc4 {Diagramme #} 23. dxe6 Rc3 24. Bxc3 dxc3 25. exd7 Nf7 26. Ne6 Qb6+
27. Kh2 Nc5 28. Nxc5 Qxc5 29. Rxf5 Qc7 30. Rxf7 Kxf7 31. Bd5+ Kf6 32. Re6+ Kg5
33. h4+ 1-0

[Event "Vaujany Principal"]
[Site "Vaujany"]
[Date "2012.07.13"]
[Round "2.16"]
[White "Weisz, Jacques"]
[Black "Kantans, Toms"]
[Result "0-1"]
[WhiteElo "1809"]
[BlackElo "2354"]
[Annotator "Jean-pierre,LEES"]
[PlyCount "70"]
[SourceDate "2012.07.12"]
[TimeControl "240+2"]

{1024MB, Fritz8.ctg
} 1. d4 Nf6 2. c4 g6 3. Nc3 d5 4. Bf4 Bg7 5. e3 O-O 6. Nf3
c5 7. dxc5 Ne4 8. Rc1 Nxc3 9. bxc3 Qa5 (9... dxc4 10. Qxd8 Rxd8 11. Bxc4) 10.
Qb3 (10. cxd5 Bxc3+ 11. Nd2 Bf5 12. e4 Bxe4 13. Qb3) 10... dxc4 11. Bxc4 Nc6
12. Ng5 Nd8 13. Qb4 Nc6 14. Qxa5 Nxa5 15. Be2 h6 16. Bc7 Nc6 17. Nf3 Be6 18.
Nd4 Bxa2 19. Nxc6 bxc6 20. Ba6 Be6 21. O-O Bc8 22. Be2 a5 23. Bf3 Be6 24. Bb6
Rfc8 25. e4 a4 26. Be2 a3 27. f4 a2 28. e5 f6 29. Bd3 fxe5 30. Rfe1 Bd5 31. c4
e4 32. Bc2 a1=Q 33. Rxa1 Rxa1 34. Rxa1 Bxa1 35. cxd5 Bd4+ 0-1

[Event "Vaujany Principal"]
[Site "Vaujany"]
[Date "2012.07.13"]
[Round "2.17"]
[White "Roche, Yves"]
[Black "Edouard, Romain"]
[Result "0-1"]
[WhiteElo "1956"]
[BlackElo "2646"]
[PlyCount "28"]
[EventDate "2012.07.07"]
[SourceDate "2012.07.12"]

1. b4 e5 2. Bb2 d6 $5 3. e3 g6 4. d4 Qe7 5. Nc3 c6 (5... Nf6) 6. d5 Nf6 7. Bc4
(7. dxc6 $5 Nxc6 $5 (7... bxc6 8. b5 $132) 8. b5 Na5 $132) 7... Bg7 8. e4 O-O
9. Qd2 (9. Nge2 Nbd7 $132) 9... Nbd7 10. Rd1 Nb6 (10... c5 $5) 11. Bb3 cxd5 12.
Nxd5 Nfxd5 13. Bxd5 $6 (13. exd5 $8 Qh4 $40) 13... Nxd5 14. Qxd5 Be6 (14... Be6
15. Qxd6 Qg5 $19) 0-1